[Event "ISR-chT 13"]
[Site "Israel"]
[Date "2013.02.08"]
[Round "11.2"]
[White "Zoler, Dan"]
[Black "Kobrin, Michael"]
[Result "1-0"]
[WhiteElo "2548"]
[BlackElo "2291"]
[PlyCount "85"]
[EventDate "2012.12.21"]
[EventType "team"]
[EventRounds "11"]
[EventCountry "ISR"]
[SourceTitle "EXT 2014"]
[Source "ChessBase"]
[SourceDate "2013.11.20"]
[SourceVersion "1"]
[SourceVersionDate "2013.11.20"]
[SourceQuality "1"]

1. d4 d5 2. c4 e6 3. Nc3 Be7 4. Nf3 Nf6 5. Bf4 0-0 6. e3 c5 7. dxc5 Bxc5 8. Qc2 Nc6 9. a3 Qa5 10. 0-0-0 Ne4 11. cxd5 Nxc3 12. Qxc3 Qxc3+ 13. bxc3 Bxa3+ 14. Kc2 exd5 15. Rxd5 Be6 16. Rb5 a5 17. Nd4 Nxd4+ 18. exd4 Ra7 19. Bd3 Rc8 20. Ra1 Bf8 21. Be4 a4 22. Rxb7 Bb3+ 23. Kd3 Bc4+ 24. Kd2 Ra6 25. Bf5 Rca8 26. Bd3 Bxd3 27. Kxd3 a3 28. Ra2 g5 29. Bxg5 Rg6 30. f4 Bd6 31. Be7 Bxf4 32. Rxa3 Rxa3 33. Bxa3 Rxg2 34. h4 Rg3+ 35. Ke4 Bd2 36. Rb8+ Kg7 37. Bf8+ Kg6 38. Rb6+ Kh5 39. c4 Re3+ 40. Kd5 Rf3 41. c5 f5 42. c6 Rc3 43. Bc5 1-0

[Event "ISR-chT 13"]
[Site "Israel"]
[Date "2013.01.18"]
[Round "7.1"]
[White "Rechlis, Gad"]
[Black "Kobrin, Michael"]
[Result "1/2-1/2"]
[WhiteElo "2486"]
[BlackElo "2291"]
[PlyCount "28"]
[EventDate "2012.12.21"]
[EventType "team"]
[EventRounds "11"]
[EventCountry "ISR"]
[SourceTitle "EXT 2014"]
[Source "ChessBase"]
[SourceDate "2013.11.20"]
[SourceVersion "1"]
[SourceVersionDate "2013.11.20"]
[SourceQuality "1"]

1. e4 d6 2. d4 Nf6 3. Nc3 e5 4. dxe5 dxe5 5. Qxd8+ Kxd8 6. Bc4 Be6 7. Bxe6 fxe6 8. Be3 Bd6 9. 0-0-0 Ke7 10. f3 a6 11. Nh3 Nbd7 12. Nf2 b5 13. Rd2 Rhb8 14. Rhd1 Nb6 1/2-1/2

[Event "Dov Porath Memorial"]
[Site "Givataim"]
[Date "2000.09.??"]
[Round "3"]
[White "Ribshtein, Nati"]
[Black "Kobrin, Michael"]
[Result "1-0"]
[WhiteElo "2317"]
[BlackElo "2272"]
[PlyCount "47"]
[EventDate "2000.09.??"]
[EventType "swiss"]
[EventRounds "7"]
[EventCountry "ISR"]
[SourceTitle "EXT 2006"]
[Source "ChessBase"]
[SourceDate "2005.11.24"]
[SourceVersion "1"]
[SourceVersionDate "2005.11.24"]
[SourceQuality "1"]

1. d4 d5 2. c4 e6 3. Nc3 Be7 4. Nf3 Nf6 5. Bg5 0-0 6. e3 Nbd7 7. Rc1 a6 8. c5 c6 9. Bd3 e5 10. dxe5 Ng4 11. Bf4 Nxc5 12. h3 Nxd3+ 13. Qxd3 Nh6 14. Bxh6 gxh6 15. 0-0 f6 16. e4 fxe5 17. exd5 Bf5 18. Qc4 b5 19. Qb3 Bd6 20. dxc6+ Kh8 21. Qd5 Rg8 22. Nxe5 Bg6 23. Qd4 Qf6 24. f4 1-0

[Event "ISR-chT"]
[Site "Ramat Aviv"]
[Date "2000.01.28"]
[Round "3.5"]
[White "Haimovich, Tal"]
[Black "Kobrin, Michael"]
[Result "1-0"]
[WhiteElo "2276"]
[BlackElo "2274"]
[PlyCount "53"]
[EventDate "2000.01.14"]
[EventType "team"]
[EventRounds "11"]
[EventCountry "ISR"]
[SourceTitle "CBM 077"]
[Source "ChessBase"]
[SourceDate "2000.07.27"]
[SourceVersion "1"]
[SourceVersionDate "2000.07.27"]
[SourceQuality "1"]
[WhiteTeam "Herzliya"]
[BlackTeam "Tel Aviv Univ"]
[WhiteTeamCountry "ISR"]
[BlackTeamCountry "ISR"]

1. e4 e5 2. f4 exf4 3. Nf3 d6 4. Bc4 g5 5. d4 Bg7 6. 0-0 Bg4 7. c3 Qe7 8. Nbd2 c6 9. a4 Nf6 10. b3 Nbd7 11. Ba3 c5 12. b4 cxd4 13. cxd4 0-0 14. e5 dxe5 15. b5 Qd8 16. Qb3 h6 17. Bxf8 Qxf8 18. Nxe5 Nxe5 19. dxe5 Qc5+ 20. Kh1 Qxe5 21. Bxf7+ Kh8 22. Nf3 Qf5 23. Rae1 Rf8 24. Ne5 Bh5 25. Bxh5 Nxh5 26. g4 Qc8 27. Ng6+ 1-0

[Event "EU-ch U20"]
[Site "Patras"]
[Date "1999.10.18"]
[Round "13"]
[White "Touloumis, Anestis"]
[Black "Kobrin, Michael"]
[Result "0-1"]
[WhiteElo "2111"]
[BlackElo "2355"]
[PlyCount "82"]
[EventDate "1999.10.02"]
[EventType "swiss"]
[EventRounds "9"]
[EventCountry "GRE"]
[SourceTitle "CBM 072 Extra"]
[Source "ChessBase"]
[SourceDate "1999.11.18"]
[SourceVersion "1"]
[SourceVersionDate "1999.11.18"]
[SourceQuality "1"]

1. e4 e5 2. Nf3 Nf6 3. d4 Nxe4 4. Bd3 d5 5. Nxe5 Nd7 6. Nc3 Nxe5 7. dxe5 Qh4 8. Bxe4 dxe4 9. Qd4 Bf5 10. Be3 Be7 11. Nd5 Bd8 12. Qb4 b6 13. 0-0-0 c6 14. g3 Qg4 15. h3 Qf3 16. g4 Be6 17. Nc3 Be7 18. Qxe4 Qxe4 19. Nxe4 Bd5 20. f3 Bxe4 21. fxe4 Rd8 22. Rxd8+ Bxd8 23. Rf1 Ke7 24. Bd4 Ke6 25. a4 h5 26. gxh5 Rxh5 27. Rf3 Rh4 28. Kd2 c5 29. Bc3 Rxe4 30. b3 c4 31. Rg3 g6 32. b4 Bh4 33. Rf3 Be1+ 34. Kd1 Bxc3 35. Rxc3 Kxe5 36. Kc1 g5 37. Kb2 f5 38. a5 bxa5 39. b5 f4 40. Ra3 Kd4 41. Rxa5 f3 0-1

[Event "EU-ch U20"]
[Site "Patras"]
[Date "1999.10.12"]
[Round "7"]
[White "Jovanovic, Zoran"]
[Black "Kobrin, Michael"]
[Result "1-0"]
[WhiteElo "2310"]
[BlackElo "2355"]
[PlyCount "99"]
[EventDate "1999.10.02"]
[EventType "swiss"]
[EventRounds "9"]
[EventCountry "GRE"]
[SourceTitle "CBM 072 Extra"]
[Source "ChessBase"]
[SourceDate "1999.11.18"]
[SourceVersion "1"]
[SourceVersionDate "1999.11.18"]
[SourceQuality "1"]

1. e4 e5 2. Nf3 Nf6 3. Nxe5 d6 4. Nf3 Nxe4 5. d4 d5 6. Bd3 Nc6 7. 0-0 Be7 8. c4 Nb4 9. cxd5 Nxd3 10. Qxd3 Qxd5 11. Re1 Bf5 12. g4 Bg6 13. Nc3 Nxc3 14. Qxc3 Qd6 15. Qe3 c6 16. Bd2 Kf8 17. Re2 Re8 18. Rae1 b6 19. a3 f6 20. Nh4 Kf7 21. Bb4 c5 22. dxc5 bxc5 23. Ba5 Bd3 24. Nf5 Bxf5 25. gxf5 Qc6 26. Qf4 g6 27. Qc4+ Kf8 28. Bd2 g5 29. Bc3 h6 30. Re6 Qf3 31. Bxf6 Rh7 32. Qe4 Qxe4 33. R1xe4 Rf7 34. Be5 Rxf5 35. Bd6 Rf7 36. Bxc5 Bxc5 37. Rxe8+ Kg7 38. Re2 Rf3 39. Kg2 Rb3 40. Rc8 Bd4 41. Rc4 Bxb2 42. Rb4 Rxb4 43. axb4 Bc3 44. b5 Kf6 45. Rc2 Bd4 46. Rc6+ Kg7 47. f3 Bb6 48. Kg3 Bg1 49. h3 h5 50. h4 1-0

[Event "Dieren op"]
[Site "Dieren"]
[Date "1999.07.21"]
[Round "2"]
[White "Bosboom, Manuel"]
[Black "Kobrin, Michael"]
[Result "1-0"]
[WhiteElo "2476"]
[BlackElo "2355"]
[PlyCount "58"]
[EventDate "1999.07.20"]
[EventType "swiss"]
[EventRounds "9"]
[EventCountry "NED"]
[SourceTitle "CBM 071 Extra"]
[Source "ChessBase"]
[SourceDate "1999.09.14"]
[SourceVersion "1"]
[SourceVersionDate "1999.09.14"]
[SourceQuality "1"]

1. c4 e6 2. Nf3 d5 3. g3 Nf6 4. Bg2 Be7 5. 0-0 0-0 6. Qc2 c5 7. d4 Nc6 8. dxc5 Bxc5 9. a3 Qe7 10. Bg5 dxc4 11. Qxc4 e5 12. Bxf6 gxf6 13. Nc3 Be6 14. Qh4 Kg7 15. Rac1 Nd4 16. Nxd4 Bxd4 17. Nd5 Bxd5 18. Bxd5 Qd7 19. Be4 h6 20. Qh5 Rh8 21. Rfd1 Rhc8 22. Rxc8 Qxc8 23. e3 Bxb2 24. Bf5 Qc4 25. Rd7 Bxa3 26. h4 Bc5 27. Qg6+ Kf8 28. Qxf6 Kg8 29. Qxh6 Bf8 1-0

[Event "Apeldoorn tt U18"]
[Site "Apeldoorn"]
[Date "1999.07.15"]
[Round "3"]
[White "Kobrin, Michael"]
[Black "Ernst, Sipke"]
[Result "0-1"]
[WhiteElo "2355"]
[BlackElo "2444"]
[PlyCount "66"]
[EventDate "1999.07.??"]
[EventType "team"]
[EventRounds "3"]
[EventCountry "NED"]
[SourceTitle "EXT 2002"]
[Source "ChessBase"]
[SourceDate "2001.11.25"]
[SourceVersion "1"]
[SourceVersionDate "2001.11.25"]
[SourceQuality "1"]

1. d4 d5 2. c4 c6 3. Nf3 Nf6 4. Nc3 dxc4 5. a4 Na6 6. e4 Bg4 7. Be3 e6 8. Bxc4 Nb4 9. 0-0 Be7 10. Be2 0-0 11. a5 Qc7 12. Ne5 Bxe2 13. Qxe2 b5 14. a6 Rac8 15. Rfc1 Qb8 16. g4 Rfd8 17. g5 Nd7 18. Nxd7 Rxd7 19. Qg4 Rcd8 20. Na2 Nxa6 21. Rxc6 Qb7 22. Rac1 Nb8 23. R6c2 b4 24. Rc4 a5 25. Rd1 Nc6 26. Qg3 a4 27. Nc1 Na5 28. Rc2 Qc7 29. e5 Qxe5 30. Nd3 Qe4 31. Rc4 Nb3 32. Rc7 Rxc7 33. Qxc7 Qg4+ 0-1

[Event "ISR-ch U18"]
[Site "Petah Tikva"]
[Date "1997.??.??"]
[Round "6"]
[White "Bar, Andrey"]
[Black "Kobrin, Michael"]
[Result "0-1"]
[WhiteElo "2055"]
[BlackElo "2235"]
[PlyCount "80"]
[EventDate "1997.04.13"]
[EventType "tourn"]
[EventRounds "9"]
[EventCountry "ISR"]
[SourceTitle "CBM 058 Extra"]
[Source "ChessBase"]
[SourceDate "1997.07.29"]
[SourceVersion "1"]
[SourceVersionDate "1997.07.29"]
[SourceQuality "1"]

1. e4 e5 2. Nf3 Nc6 3. Bb5 a6 4. Ba4 Nf6 5. 0-0 Nxe4 6. d4 b5 7. Bb3 d5 8. dxe5 Be6 9. Be3 Be7 10. c3 Qd7 11. Nbd2 Rd8 12. Re1 0-0 13. Bc2 f5 14. exf6 Nxf6 15. Bg5 Bd6 16. Nf1 h6 17. Bh4 Bf5 18. Bb3 Kh8 19. Bxf6 Rxf6 20. Qxd5 Bg4 21. Nd4 Nxd4 22. Qxd4 Rdf8 23. Ne3 Rf4 24. Qd3 Bh5 25. Bc2 g6 26. f3 Rh4 27. Nf1 Qc6 28. Ng3 Qc5+ 29. Re3 Qg5 30. Ne4 Bxh2+ 31. Kf1 Qe5 32. Ng3 Qxg3 33. Re4 Rxe4 34. Qxe4 Qe5 35. Qxe5+ Bxe5 36. Ke2 g5 37. Rh1 Bf7 38. Rxh6+ Kg7 39. Rxa6 Bc4+ 40. Kf2 Rd8 0-1

[Event "EU-ch U18"]
[Site "Tallinn"]
[Date "1997.??.??"]
[Round "4"]
[White "Kobrin, Michael"]
[Black "Smetankin, Stanislav"]
[Result "0-1"]
[WhiteElo "2255"]
[BlackElo "2395"]
[PlyCount "76"]
[EventDate "1997.??.??"]
[EventType "swiss"]
[EventRounds "9"]
[EventCountry "EST"]
[SourceTitle "EXT 1998"]
[Source "ChessBase"]
[SourceDate "1997.11.17"]
[SourceVersion "1"]
[SourceVersionDate "1997.11.17"]
[SourceQuality "1"]

1. d4 Nf6 2. c4 c5 3. e3 e6 4. Nc3 d5 5. Nf3 a6 6. cxd5 exd5 7. Be2 Nc6 8. 0-0 Bd6 9. dxc5 Bxc5 10. b3 0-0 11. Bb2 Qd6 12. Rc1 Ba7 13. Qd3 Bg4 14. Rfd1 Rad8 15. a3 Rfe8 16. h3 Be6 17. Bf1 Bb8 18. Rd2 Ne5 19. Nxe5 Qxe5 20. g3 Qh5 21. Qe2 Qh6 22. Qf3 Be5 23. Qg2 d4 24. Rcd1 Bxb3 25. Ne2 Bxd1 26. Rxd1 d3 27. Nd4 Nd5 28. Bxd3 Nxe3 29. fxe3 Qxe3+ 30. Qf2 Bxd4 31. Bxd4 Rxd4 32. Bxh7+ Kxh7 33. Rxd4 Qxa3 34. Rd7 Re7 35. Qc2+ g6 36. Rd3 Qa1+ 37. Kg2 Qe5 38. Rb3 b5 0-1

[Event "ISR"]
[Site "Israel"]
[Date "1996.??.??"]
[Round "?"]
[White "Kundin, Alexander"]
[Black "Kobrin, Michael"]
[Result "1/2-1/2"]
[WhiteElo "2225"]
[BlackElo "2250"]
[PlyCount "131"]
[EventDate "1996.??.??"]
[EventType "game"]
[EventRounds "1"]
[EventCountry "ISR"]
[SourceTitle "EXT 2003"]
[Source "ChessBase"]
[SourceDate "2002.11.25"]
[SourceVersion "1"]
[SourceVersionDate "2002.11.25"]
[SourceQuality "1"]

1. e4 e5 2. Nf3 Nf6 3. Nxe5 d6 4. Nf3 Nxe4 5. d4 d5 6. Bd3 Nc6 7. 0-0 Bg4 8. Re1 Be7 9. c4 Nf6 10. cxd5 Bxf3 11. Qxf3 Qxd5 12. Qxd5 Nxd5 13. Nc3 0-0-0 14. Be4 Bb4 15. Bd2 Nf6 16. d5 Ne7 17. Bg5 Bxc3 18. bxc3 Nexd5 19. c4 h6 20. Bh4 g5 21. Bf5+ Kb8 22. Bg3 Nf4 23. Re7 Rhf8 24. f3 Rd4 25. Rc1 Ng8 26. Re3 Rfd8 27. Rc2 Nf6 28. Re7 Ne8 29. c5 Ng7 30. Rxf7 Nxf5 31. Rxf5 Re8 32. Bxf4 gxf4 33. Re2 Red8 34. Re4 Rd2 35. a4 Rb2 36. Rfe5 b5 37. axb5 Rxb5 38. Rxf4 Rd2 39. h4 a5 40. Rfe4 Rc2 41. c6 Rcc5 42. f4 Rxe5 43. fxe5 Kc8 44. Kf2 Kd8 45. Rd4+ Ke7 46. Rd7+ Ke6 47. Rxc7 Rxe5 48. Rh7 Kd6 49. Rxh6+ Kc7 50. g4 a4 51. Kf3 Ra5 52. Re6 a3 53. Re1 a2 54. Ra1 Kxc6 55. g5 Kd6 56. Kg4 Ke6 57. h5 Ra4+ 58. Kg3 Kf5 59. g6 Kf6 60. Rf1+ Kg7 61. Ra1 Kh6 62. Kf3 Kxh5 63. g7 Ra8 64. Rxa2 Rg8 65. Rg2 Kh6 66. Kf4 1/2-1/2